Sports Quiz

Random Sports or World Cup Quiz

FIFA Beach Soccer World Cup Appearances Quiz Stats

 Plays Quiz not verified by Sporcle

Score 0/37 Timer 05:00
0 Plays Today
Confederation Country % Correct
CONMEBOLBrazil
94.6%
CONCACAFUnited States of America
93.5%
AFCJapan
91.4%
UEFASpain
91.4%
CONCACAFMexico
90.3%
UEFAPortugal
90.3%
UEFAFrance
89.2%
CONMEBOLArgentina
88.2%
UEFAItaly
86%
UEFARussia
86%
CONMEBOLUruguay
84.9%
CONCACAFCanada
83.9%
AFCAustralia
82.8%
AFCIran
82.8%
CONMEBOLParaguay
82.8%
CONMEBOLVenezuela
82.8%
CONMEBOLEcuador
81.7%
CAFNigeria
77.4%
CONCACAFCosta Rica
74.2%
Confederation Country % Correct
UEFASwitzerland
73.1%
CAFSouth Africa
72%
UEFAPoland
68.8%
CAFSenegal
67.7%
CONCACAFEl Salvador
66.7%
AFCUnited Arab Emirates
66.7%
CONCACAFPanama
64.9%
CAFCameroon
64.5%
OFCTahiti
64.5%
UEFANetherlands
62.4%
UEFAUkraine
62.4%
CAFIvory Coast
61.3%
CONCACAFBahamas
55.9%
AFCThailand
52.7%
AFCOman
49.5%
OFCSolomon Islands
49.5%
AFCBahrain
46.2%
CAFMadagascar
35.5%

You're not logged in!

Compare scores with friends on all Sporcle quizzes.
OR
Log In

Sporcle TV

Today on Sporcle TV


Watch our educational content, quiz creation guides, and fun videos on Sporcle TV.

Show Comments

Extras

Top Quizzes Today


Score Distribution

Your Account Isn't Verified!

In order to create a playlist on Sporcle, you need to verify the email address you used during registration. Go to your Sporcle Settings to finish the process.

Report this User

Report this user for behavior that violates our Community Guidelines.

Details: